Score 0/34 Timer 03:00
1 Play Today
Hint Answer % Correct
Group of musiciansBAND
96%
✏ Devoid of life ✏DEAD
94.6%
Grain of a plant for sowingSEED
94.1%
Curve in the roadBEND
94%
Property titleDEED
93.9%
Fermented grape juiceWINE
93.5%
✏ Thorny flower-bearing plant ✏ROSE
91.8%
✏ Air current ✏WIND
91.1%
Move up from a lower position RISE
90.6%
Rounded item used in jewelryBEAD
90.5%
e.g. Ace, King, Queen, JackCARD
90.3%
✏ Not domesticated ✏WILD
90.3%
North or South global extremityPOLE
89%
To employHIRE
88.1%
✏ To dis-employ ✏FIRE
87.8%
Nursery rhyme's Old KingCOLE
87.7%
Rabbit-like mammalHARE
87.5%
Hint Answer % Correct
✏ Solid, firm ✏HARD
87.3%
✏ Heap, stack ✏PILE
86.6%
Deeper than crust and mantleCORE
86.4%
✏ Small storage building ✏SHED
86.2%
✏ Type of conifer ✏PINE
85.9%
Foundation, lowest partBASE
85.5%
Having knowledge and good judgmentWISE
84.5%
✏ Flexible electric wire ✏CORD
83.7%
MA based audio tech corporationBOSE
82.7%
Legal prohibitionsBANS
80.9%
✏ Large or small mouthed variety ✏BASS
80.5%
Devious, manipulating planWILE
79.2%
Component of a sentenceWORD
78.7%
✏ Earth, tape, or gummy ✏WORM
78.6%
Business partnershipFIRM
74%
Shape, configurationFORM
72.1%
✏✏ COMMON BOND ✏✏WOOD
32.2%

Today's Daily Dose

Remove Ads.
Support Sporcle.
Get the best of Sporcle when you Go Orange. This ad-free experience offers more features, more stats, and more fun while also helping to support Sporcle. Thank you for becoming a member.

You're not logged in!

Compare scores with friends on all Sporcle quizzes.
OR
Log In

Show Comments

Extras

Top Quizzes Today


Score Distribution

Your Account Isn't Verified!

In order to create a playlist on Sporcle, you need to verify the email address you used during registration. Go to your Sporcle Settings to finish the process.

Report this User

Report this user for behavior that violates our Community Guidelines.

Details: